000 00915nam a2200253Ia 4500
003 OSt
005 20221005112149.0
006 a|||||r|||| 00| 0
007 ta
008 221004b |||||||| |||| 00| 0 pan d
020 _a9789384138486 (hbk)
_cINR 180.00
024 _a33236
037 _b787, 27/02/2017, H.K. Prakashan
_cTextual
040 _aCRL
_cCRL
_bpan
041 _2pan
_apan
082 _aO153,2:g, Q5
100 _aਧਾਲੀਵਾਲ, ਅਰਵਿੰਦਰ ਕੌਰ, ਂਚ.
245 0 _aਨਾਟ-ਪ੍ਰਸੰਗ
260 _aਅੰਮ੍ਰਿਤਸਰ
_bਕੇ. ਜੀ. ਗ੍ਰਾਫਿਕਸ ਭਾਰਤ
_c2015
300 _a116ਪ੍ਰ0
_ccm.
650 _aਪੰਜਾਬੀ ਨਾਟਕ
942 _hO153,2:g, Q5
_cTEXL
_2cc
999 _c1024026
_d1024026